000 00375nam a2200145Ia 4500
008 210716s2005 xx 000 0 und d
041 _aeng
082 _a338.04 GORE
100 _aGordon, E; Natarajan, K.
245 _aEntrepreneurship development.
250 _a1
260 _aNew Delhi
_bHimalaya Publishing House
_c2005
300 _a269
650 _aEntrepreneurship
999 _c199792
_d199792